000 01152nam a2200241 i 4500
001 53816
003 ES-MaACL
005 20240219193312.0
007 t|
008 950206m18881896sp l s001 0 spa d
110 1 _aEspaña.
_bMinisterio de Ultramar.
_93937
245 1 0 _aCompilación legislativa del gobierno y administración civil de Ultramar :
_barreglada en virtud de las Reales Órdenes de 8 de febrero de 1886 y 29 de enero de 1888 /
_cpor Manuel Fernández Martín.
260 _aMadrid :
_b[s.n.],
_c1888-1896 (
_fEstab. Tip. de Lucas Polo)
300 _a12 v. ;
_c23 cm.
505 1 _a1-4 (1º a 4º trimestre de 1886) - 5-8 (1º a 4º trimestre de 1887) - 9-11 (1º a 3º cuatrimestre de 1888) - 12 (1º cuatrimestre de 1889)
530 _aDisponible en formato digital.
594 _aLa obra se publicó en 15 v. (hasta 1er. cuatrimestre de 1890)
650 _aDerecho colonial-
_zEspaña.
_9170999
700 1 _aFernández Martín, Manuel,
_d1864-1902
_949899
852 _aES-MaACL
_jB-8295-306
856 _uhttp://bdh-rd.bne.es/viewer.vm?id=0000006197&page=1
_zBiblioteca Digital Hispánica
_z(15 v.)
999 _c53816
_d53816